EG council tax handbook (Record no. 105301)
[ view plain ]
| 000 -LEADER | |
|---|---|
| fixed length control field | 01397cam a2200253 4500 |
| 001 - CONTROL NUMBER | |
| control field | ##L132996 |
| 008 - FIXED-LENGTH DATA ELEMENTS--GENERAL INFORMATION | |
| fixed length control field | 060331n2006 000 0 eng u |
| 020 ## - INTERNATIONAL STANDARD BOOK NUMBER | |
| International Standard Book Number | 0728204843 |
| 035 ## - SYSTEM CONTROL NUMBER | |
| System control number | (Sirsi) u132996 |
| 041 0# - LANGUAGE CODE | |
| Language code of text/sound track or separate title | eng |
| 050 04 - LIBRARY OF CONGRESS CALL NUMBER | |
| Classification number | 336.185 |
| -- | 218 |
| 100 1# - MAIN ENTRY--PERSONAL NAME | |
| Personal name | Parsons, Geoff |
| 245 00 - TITLE STATEMENT | |
| Title | EG council tax handbook |
| 260 ## - PUBLICATION, DISTRIBUTION, ETC. | |
| Place of publication, distribution, etc. | London |
| Name of publisher, distributor, etc. | EG Books |
| Date of publication, distribution, etc. | 2006 |
| 300 ## - PHYSICAL DESCRIPTION | |
| Extent | xiv, 271p. |
| Dimensions | 25cm. |
| 350 ## - PRICE (NR) (BK AM CF MU VM SE) [OBSOLETE] | |
| Price | 18 |
| 505 2# - FORMATTED CONTENTS NOTE | |
| Formatted contents note | Council Tax and its history -- Organisations and structures -- Property and management -- Administration and recovery of council Tax -- Council Tax payers -- Valuation lists and assessment -- Dispute resolution -- Additions or alternatives to Council Tax -- Appendices -- Indexes. |
| 520 ## - SUMMARY, ETC. | |
| Summary, etc. | This volume written for those who have an involvement in property helps to define council tax in various contexts including: governmental and organisational policies and structures, roles and activities of the principal players, policies and practices of administration, assessment, dispute resolution, procedures for best value and performance assessment, dispute resolution, enforcement and counter-fraud practice, the history of local taxation and the search for additions or alternatives. |
| 590 ## - LOCAL NOTE (RLIN) | |
| Local note | IKA250406 |
| 690 ## - LOCAL SUBJECT ADDED ENTRY--TOPICAL TERM (OCLC, RLIN) | |
| Topical term or geographic name as entry element | PROPERTY-RESIDENTIAL PROPERTY-RESIDENTIAL PROPERTY TAXATION-COUNCIL TAX |
| 700 1# - ADDED ENTRY--PERSONAL NAME | |
| Personal name | Smith, Tim Rowcliffe |
| 942 ## - ADDED ENTRY ELEMENTS (KOHA) | |
| Suppress in OPAC | 0 |
| Withdrawn status | Lost status | Source of classification or shelving scheme | Damaged status | Not for loan | Home library | Current library | Shelving location | Date acquired | Cost, normal purchase price | Total Checkouts | Full call number | Barcode | Date last seen | Date last checked out | Copy number | Cost, replacement price | Price effective from | Koha item type |
|---|---|---|---|---|---|---|---|---|---|---|---|---|---|---|---|---|---|---|
| Dewey Decimal Classification | London | London | Books | 25/04/2006 | 15.30 | 4 | 336.185 PAR | 30072930 | 06/08/2019 | 05/01/2009 | 1 | 15.30 | 06/08/2019 | Book |